Las reformas educativas a debate (1982-2006) / (Registro nro. 65588)
[ vista simple ]
| 000 -LEADER | |
|---|---|
| fixed length control field | 00802nam a2200253 u 4500 |
| 001 - CONTROL NUMBER | |
| control field | 65588 |
| 005 - DATE AND TIME OF LATEST TRANSACTION | |
| control field | 20180714073004.0 |
| 008 - FIXED-LENGTH DATA ELEMENTS--GENERAL INFORMATION | |
| fixed length control field | 160623s2007 sp r 000 0 spa d |
| 020 ## - INTERNATIONAL STANDARD BOOK NUMBER | |
| International Standard Book Number | 9788471125248 |
| 041 ## - LANGUAGE CODE | |
| Language code of text/sound track or separate title | spa |
| 082 0# - DEWEY DECIMAL CLASSIFICATION NUMBER | |
| Classification number | 370.946083 |
| Item number | VAR |
| 100 1# - MAIN ENTRY--PERSONAL NAME | |
| Personal name | Varela, Julia, |
| Relator term | autor |
| 245 14 - TITLE STATEMENT | |
| Title | Las reformas educativas a debate (1982-2006) / |
| Statement of responsibility, etc. | por Julia Varela. |
| 250 ## - EDITION STATEMENT | |
| Edition statement | [Primera edición] |
| 264 #1 - PRODUCTION, PUBLICATION, DISTRIBUTION, MANUFACTURE, AND COPYRIGHT NOTICE | |
| Place of production, publication, distribution, manufacture | España : |
| Name of producer, publisher, distributor, manufacturer | Ediciones Morata, |
| Date of production, publication, distribution, manufacture, or copyright notice | 2007 |
| 300 ## - PHYSICAL DESCRIPTION | |
| Extent | 187 páginas ; |
| Dimensions | 24 cm. |
| 336 ## - CONTENT TYPE | |
| Content type term | texto |
| Source | rdacontent |
| 337 ## - MEDIA TYPE | |
| Media type term | sin mediación |
| Source | rdamedia |
| 338 ## - CARRIER TYPE | |
| Carrier type term | volumen |
| Source | rdacarrier |
| 650 #4 - SUBJECT ADDED ENTRY--TOPICAL TERM | |
| Topical term or geographic name entry element | Sistema escolar |
| Geographic subdivision | España |
| 650 #4 - SUBJECT ADDED ENTRY--TOPICAL TERM | |
| Topical term or geographic name entry element | Reforma educativa |
| Geographic subdivision | España |
| 650 #4 - SUBJECT ADDED ENTRY--TOPICAL TERM | |
| Topical term or geographic name entry element | Política educativa |
| Geographic subdivision | España |
| 650 #4 - SUBJECT ADDED ENTRY--TOPICAL TERM | |
| Topical term or geographic name entry element | Educación |
| Geographic subdivision | España |
| General subdivision | Historia, 1982-1996 |
| Withdrawn status | Lost status | Source of classification or shelving scheme | Damaged status | Not for loan | Collection code | Home library | Current library | Shelving location | Date acquired | Source of acquisition | Inventory number | Total Checkouts | Full call number | Barcode | Date last seen | Date last checked out | Price effective from | Koha item type |
|---|---|---|---|---|---|---|---|---|---|---|---|---|---|---|---|---|---|---|
| Dewey Decimal Classification | General | Biblioteca Karol Wojtyla | Biblioteca Karol Wojtyla | Sala general | 23/06/2016 | Compra | 151000000000000000042928 | 2 | 370.946083 VAR 2007 | 95783 | 05/01/2026 | 13/04/2019 | 11/10/2016 | Libro |